Vista normal
Vista MARC
Entrada Materia (geográfica)
Número de registros utilizados en: 1
001 - CONTROL NUMBER
- control field: 75656
003 - CONTROL NUMBER IDENTIFIER
- control field: Co-BoUCM
005 - DATE AND TIME OF LATEST TRANSACTION
- control field: 20160219115003.0
008 - FIXED-LENGTH DATA ELEMENTS
- fixed length control field: 160219|| aca||aabn | a|a d
040 ## - CATALOGING SOURCE
- Original cataloging agency: Co-BoUCM
- Transcribing agency: Co-BoUCM
151 ## - HEADING--GEOGRAPHIC NAME
- Geographic name: Cundinamarca (Colombia)
- General subdivision: Política social
- General subdivision: Investigaciones
670 ## - SOURCE DATA FOUND
- Source citation: Work cat.: (Co-BoUCM)302689: Ceballos, Miguel 75655, Plan decenal de cultura 2016 - 2026 del departamento de Cundinamarca , 2015